| 000 | 00663nam a2200217 i 4500 | ||
|---|---|---|---|
| 001 | bg | ||
| 245 | 0 | 0 |
_aAnaliza danych w naukach medycznych i zarządzaniu służbą zdrowia : _bseminarium, Warszawa 16 października, 2000. |
| 260 |
_aKraków : _b"StatSoft", _c2000. |
||
| 300 |
_a72 s. : _bil. ; _c24 cm. |
||
| 504 | _aBibliogr. przy mater. | ||
| 650 | 9 |
_aSłużba zdrowia _xzarządzanie |
|
| 650 | 9 |
_aStatystyka _xstosowanie _xmedycyna |
|
| 655 | _aMateriały konferencyjne | ||
| 020 | _a839123469X | ||
| 040 | _cBPK | ||
| 041 | 0 | _apl | |
| 080 | _a614.2:311](061) | ||
| 920 | _a83-912346-9-X | ||
| 942 | _cKS | ||
| 008 | s pl f |000 0 pol | ||
| 999 |
_c39657 _d39657 |
||
| 856 |
_uhttp://koha.tu.koszalin.pl/cgi-bin/koha/opac-detail.pl?biblionumber=39657 _yKatalog online BPK |
||